000 00903nam a2200325 i 4500
001 bgj
100 1 _aBRONTE, Charlotte
_d(1816-1855)
245 1 0 _aJane Eyre /
_cCharlotte Bronte ; [edited and] with an introduction by Mark Schorer.
260 _aBoston :
_bHoughton Mifflin Company,
_cc. 1959.
300 _aXVII, [1], 429 pp ;
_c21 cm.
490 1 _aRiverside Editions ;
_v35
650 9 _aGovernesses
650 9 _aFathers and daughters
650 9 _aMentally ill women
650 9 _aMarried people
650 9 _aCharity-schools
650 9 _aCountry homes
650 9 _aYoung women
650 9 _aOrphans
650 9 _aBildungsromans
650 9 _aLove stories
651 9 _aEngland
655 _aFiction
700 1 _aSCHORER, Mark.
_eed.
830 _aRiverside Editions ;
040 _cBPK
041 0 _aeng
942 _cKS
008 s uk f |000 0 eng
999 _c49106
_d49106
856 _uhttp://koha.tu.koszalin.pl/cgi-bin/koha/opac-detail.pl?biblionumber=49106
_yKatalog online BPK